| 000 | 00679nam a2200253Ia 4500 | ||
|---|---|---|---|
| 003 | OSt | ||
| 005 | 20220918185542.0 | ||
| 006 | a|||||r|||| 00| 0 | ||
| 007 | ta | ||
| 008 | 220917b |||||||| |||| 00| 0 eng d | ||
| 024 | _a51,438 | ||
| 037 | _cTextual | ||
| 040 |
_aARTS _cARTS _beng |
||
| 041 |
_2eng _aeng |
||
| 082 | _aP:(S1), M8 | ||
| 100 |
_aFranklin Margery B ed _969366 |
||
| 245 | 0 |
_aChild language _b a reader |
|
| 260 |
_aN.Y _bOUP _c1988 |
||
| 300 |
_axi,398p. _ccm. |
||
| 650 | _aLINGUISTICS | ||
| 700 |
_a Barten Sybil S ed _969367 |
||
| 942 |
_hP:(S1), M8 _cTEXL _2CC |
||
| 999 |
_c181031 _d181031 |
||